Statistics for French Verbs #3 Aller (to go)

Click here to take the quiz!

General Stats

  • This quiz has been taken 1,218 times
  • The average score is 7 of 8

Answer Stats

HintAnswer% Correct
She goesElle va
96%
I goJe vais
96%
He goesIl va
94%
We goNous allons
94%
You goTu vas
93%
You go (pl.)Vous allez
90%
They go (m.)Ils vont
78%
They go (f.)Elles vont
76%

Score Distribution

Percentile by Number Answered

Percent of People with Each Score

Your Score History

You have not taken this quiz